00948nam a22002777a 45000010005000000030006000050050017000110080041000280200018000690400029000870500017001160820011001331000030001442450085001742500041002592600034003003000045003344900034003795050007004135200128004205210018005485210018005666500025005846500028006097000033006377229FISKH20250703101839.0250703b cb ||||| |||| 00| 0 eng d a9780679830542 aFISKHbengcFISKHdFISKH aSF429.S3 H35 a636.73 aHall, Lynnd(1937–2023) aBarry the bravest Saint Bernard /cBy Lynn Hall ; Illustrated by Antoio Castro / aThis edition first published in 1992 aCanada :bRandom House,c1973 a46 pages :bcolor illustrations ;c23 cm aStep into readingvGrades 2-4 aN  aRelates the feats of Barry, the St. Bernard dog whose name, to this day, honors the best dog at the St. Bernard Monastery. 8 a550 bLexile 8 aN bRaz-Plus  2AnimalsaSwitzerland 2DogaHistorical fiction aCastro, Antoniodillustrator